| 000 | 00505nam a2200133 a 4500 | ||
|---|---|---|---|
| 008 | 080109s1977 ||||||||||||||||| || u | ||
| 050 | _aHD 31 Ste | ||
| 100 | _aSteers, Richard M | ||
| 245 | 1 | 0 | _aOrganizational effectiveness: a behavioral view |
| 260 |
_aSanta Monica,Calif. _bGoodyear _c[1977] |
||
| 300 | _axii, 204p. : ill. | ||
| 350 | _a0.00 | ||
| 995 |
_D0.00 _FCBU-MAIN LIBRARY (Kitwe) _H1 _I0.00 _M1 _UDAMAGED _WJun 9, 2009 _ZMain Library Open Access Collection |
||
| 999 |
_c52890 _d52890 |
||